[Event "GER-ch49 V04 email"]
[Site "GER email"]
[Date "2017.04.03"]
[Round "?"]
[White "Bach, Werner"]
[Black "Schulz, Rene"]
[Result "1/2-1/2"]
[WhiteElo "2336"]
[BlackElo "2184"]
[PlyCount "46"]
[EventDate "2017.??.??"]
[EventType "tourn (corr)"]
[EventRounds "10"]
[EventCountry "GER"]
[SourceTitle "Corr 2017"]
[Source "ChessBase"]
[SourceDate "2017.09.19"]
[SourceVersion "1"]
[SourceVersionDate "2017.09.19"]
[SourceQuality "1"]

1. e4 e5 2. Nf3 Nc6 3. d4 exd4 4. Nxd4 Nf6 5. Nxc6 bxc6 6. e5 Qe7 7. Qe2 Nd5 8. c4 Ba6 9. Nd2 g6 10. Nf3 Qb4+ 11. Kd1 Nb6 12. b3 Bg7 13. Qd2 Qxd2+ 14. Bxd2 0-0 15. c5 Bxf1 16. Rxf1 Nd5 17. Rc1 a5 18. Rc4 Rfb8 19. Kc2 Bf8 20. a4 Bg7 21. h4 h6 22. Re1 Re8 23. g3 Ra7 1/2-1/2

[Event "GER-ch49 V04 email"]
[Site "GER email"]
[Date "2017.04.03"]
[Round "?"]
[White "Bach, Werner"]
[Black "Schwetlick, Thomas"]
[Result "1/2-1/2"]
[WhiteElo "2336"]
[BlackElo "2492"]
[PlyCount "60"]
[EventDate "2017.??.??"]
[EventType "tourn (corr)"]
[EventRounds "10"]
[EventCountry "GER"]
[SourceTitle "Corr 2017"]
[Source "ChessBase"]
[SourceDate "2017.09.19"]
[SourceVersion "1"]
[SourceVersionDate "2017.09.19"]
[SourceQuality "1"]

1. e4 e5 2. Nf3 Nc6 3. Bb5 a6 4. Ba4 Nf6 5. 0-0 Be7 6. Re1 b5 7. Bb3 d6 8. c3 0-0 9. h3 Bb7 10. d4 Re8 11. Nbd2 Bf8 12. d5 Nb8 13. Nf1 Nbd7 14. Ng3 Nc5 15. Bc2 c6 16. b4 Ncd7 17. dxc6 Bxc6 18. Bb3 h6 19. Nh2 a5 20. a3 Bb7 21. Bd2 axb4 22. cxb4 Nb6 23. Ng4 Nc4 24. Nxf6+ Qxf6 25. a4 Nxd2 26. Qxd2 Qf4 27. Qe2 bxa4 28. Rxa4 Rxa4 29. Bxa4 Rc8 30. Qb5 Ba8 1/2-1/2

[Event "GER-ch49 V04 email"]
[Site "GER email"]
[Date "2017.04.03"]
[Round "?"]
[White "Huber, Martin"]
[Black "Bach, Werner"]
[Result "1-0"]
[WhiteElo "2238"]
[BlackElo "2336"]
[PlyCount "95"]
[EventDate "2017.??.??"]
[EventType "tourn (corr)"]
[EventRounds "10"]
[EventCountry "GER"]
[SourceTitle "Corr 2020"]
[Source "ChessBase"]
[SourceDate "2019.09.30"]
[SourceVersion "1"]
[SourceVersionDate "2019.09.30"]
[SourceQuality "1"]

1. e4 c5 2. Nf3 d6 3. d4 cxd4 4. Nxd4 Nf6 5. Nc3 a6 6. h3 e5 7. Nde2 h5 8. g3 Be7 9. Bg2 b5 10. Nd5 Nbd7 11. Nxe7 Qxe7 12. Bg5 Bb7 13. Nc3 Qe6 14. h4 b4 15. Bh3 Ng4 16. Nd5 Bxd5 17. Qxd5 Qxd5 18. exd5 e4 19. Bxg4 hxg4 20. 0-0-0 a5 21. Rd4 Nc5 22. h5 Rc8 23. Rc4 f5 24. Bf4 Ke7 25. Rh2 Nd7 26. Rxc8 Rxc8 27. h6 g6 28. a4 Nf6 29. Be3 Nxd5 30. Bd4 Nf6 31. h7 Rh8 32. Kd2 Kf7 33. Bb6 Nh5 34. Bxa5 Rxh7 35. Bxb4 Ke6 36. a5 Rf7 37. Rg2 Nf6 38. Bc3 Nd5 39. Bd4 Rf8 40. Rg1 Nc7 41. c3 g5 42. Kc2 Ra8 43. b4 Nb5 44. Kb3 Rc8 45. Ka4 Rb8 46. Rc1 Nc7 47. c4 Kd7 48. Rh1 1-0

[Event "GER-ch49 V04 email"]
[Site "GER email"]
[Date "2017.04.03"]
[Round "?"]
[White "Zorr, Steffen"]
[Black "Bach, Werner"]
[Result "1/2-1/2"]
[WhiteElo "2355"]
[BlackElo "2336"]
[PlyCount "81"]
[EventDate "2017.??.??"]
[EventType "tourn (corr)"]
[EventRounds "10"]
[EventCountry "GER"]
[SourceTitle "Corr 2020"]
[Source "ChessBase"]
[SourceDate "2019.09.30"]
[SourceVersion "1"]
[SourceVersionDate "2019.09.30"]
[SourceQuality "1"]

1. d4 Nf6 2. c4 g6 3. Nc3 d5 4. cxd5 Nxd5 5. e4 Nxc3 6. bxc3 Bg7 7. Be3 c5 8. Qd2 cxd4 9. cxd4 Nc6 10. Rd1 Qa5 11. Qxa5 Nxa5 12. Bd3 0-0 13. Ne2 Bd7 14. Rb1 b6 15. Kd2 Rfc8 16. Rhc1 e6 17. Rxc8+ Rxc8 18. Ba6 Rb8 19. Rc1 Bc6 20. Bd3 Bf8 21. Bf4 Re8 22. Nc3 Rd8 23. Ke3 Bg7 24. Ne2 f6 25. f3 e5 26. Bg3 Bh6+ 27. f4 Bb7 28. Rc7 exd4+ 29. Nxd4 Rc8 30. Rxc8+ Bxc8 31. Be1 Bf8 32. Bxa5 bxa5 33. Bc4+ Kg7 34. e5 Bc5 35. Ke4 Bb7+ 36. Kd3 Bc8 37. Ne6+ Bxe6 38. Bxe6 h5 39. Bd5 Bg1 40. h3 f5 41. Bc6 1/2-1/2

[Event "GER-ch48 sf03 email"]
[Site "GER email"]
[Date "2016.07.03"]
[Round "?"]
[White "Bach, Werner"]
[Black "Koentges, Markus"]
[Result "0-1"]
[WhiteElo "2342"]
[BlackElo "2356"]
[PlyCount "121"]
[EventDate "2016.??.??"]
[EventType "tourn (corr)"]
[EventRounds "12"]
[EventCountry "GER"]
[SourceTitle "Corr 2017"]
[Source "ChessBase"]
[SourceDate "2017.09.19"]
[SourceVersion "1"]
[SourceVersionDate "2017.09.19"]
[SourceQuality "1"]

1. d4 Nf6 2. Nf3 g6 3. c4 Bg7 4. g3 0-0 5. Nc3 d6 6. Bg2 Nc6 7. 0-0 a6 8. Bf4 Bd7 9. Qd2 Rb8 10. Bh6 b5 11. b3 bxc4 12. bxc4 Na5 13. Bxg7 Kxg7 14. Qd3 c6 15. Nd2 Qc7 16. Nd1 Rb4 17. e4 c5 18. d5 Ng4 19. f4 f6 20. h3 Nh6 21. Qc3 Rbb8 22. Nf2 Nb7 23. Nd3 Nf7 24. Rae1 Qa5 25. Qb2 Kg8 26. g4 Qc7 27. Qc1 e5 28. dxe6 Bxe6 29. f5 Bc8 30. fxg6 Ne5 31. gxh7+ Qxh7 32. Qc3 Nd8 33. Nf4 Qh6 34. Rf2 Ne6 35. Nh5 Rb7 36. Nf3 Ng5 37. Nxe5 fxe5 38. Rxf8+ Kxf8 39. Qd3 Ke8 40. Kh1 Kd8 41. Qd2 Ke7 42. Rf1 Be6 43. Qc1 Qg6 44. Ng3 Nf7 45. Nf5+ Ke8 46. Qc2 Rb4 47. a3 Rb6 48. Qa4+ Kf8 49. Qa5 Rc6 50. Ne3 Kg8 51. Qa4 Rc8 52. Qxa6 Qg5 53. Nd5 Qd8 54. Nf6+ Kf8 55. Qa4 Ra8 56. Qb3 Rb8 57. Qc3 Ke7 58. Kh2 Qh8 59. Nd5+ Bxd5 60. cxd5 Qg7 61. a4 0-1

[Event "GER-ch48 sf03 email"]
[Site "GER email"]
[Date "2016.07.03"]
[Round "?"]
[White "Heide, Eckhard"]
[Black "Bach, Werner"]
[Result "0-1"]
[WhiteElo "2263"]
[BlackElo "2342"]
[PlyCount "89"]
[EventDate "2016.??.??"]
[EventType "tourn (corr)"]
[EventRounds "12"]
[EventCountry "GER"]
[SourceTitle "Corr 2020"]
[Source "ChessBase"]
[SourceDate "2019.09.30"]
[SourceVersion "1"]
[SourceVersionDate "2019.09.30"]
[SourceQuality "1"]

1. d4 Nf6 2. c4 g6 3. Nc3 d5 4. Nf3 Bg7 5. Qb3 dxc4 6. Qxc4 0-0 7. e4 Nc6 8. Be2 Bg4 9. d5 Na5 10. Qb4 Bxf3 11. Bxf3 c6 12. 0-0 Qb6 13. Qa4 Nd7 14. Rd1 Rfd8 15. g3 h5 16. Be2 Nc5 17. Qc2 Qb4 18. Be3 Bxc3 19. Rac1 b6 20. Bxc5 Qxc5 21. Qb1 Qb4 22. Rxc3 cxd5 23. exd5 Rac8 24. Re3 Kg7 25. a3 Qd6 26. Ba6 Rc7 27. b4 Nb7 28. Qb3 Qd7 29. Qb2+ Kg8 30. Rde1 Re8 31. Qd4 Nd6 32. Bd3 Qg4 33. Qe5 Qd7 34. R3e2 Qh3 35. Qe3 Rc3 36. Qd2 Rc7 37. Re6 Rf8 38. R6e5 Kg7 39. Qb2 Kh7 40. Rxe7 Rxe7 41. Rxe7 Qg4 42. Kg2 Qd1 43. Re3 Kg8 44. Qf6 Re8 45. Rf3 0-1

[Event "GER-ch 2012-E-F serv"]
[Site "GER email"]
[Date "2014.09.06"]
[Round "?"]
[White "Bach, Werner"]
[Black "Bars, Joachim"]
[Result "1/2-1/2"]
[WhiteElo "2105"]
[BlackElo "2135"]
[PlyCount "60"]
[EventDate "2014.09.10"]
[EventType "tourn (corr)"]
[EventRounds "6"]
[EventCountry "GER"]
[SourceTitle "Corr 2020"]
[Source "ChessBase"]
[SourceDate "2019.09.30"]
[SourceVersion "1"]
[SourceVersionDate "2019.09.30"]
[SourceQuality "1"]

1. c4 Nf6 2. d4 e6 3. Nc3 Bb4 4. e3 0-0 5. Bd3 d5 6. Nf3 c5 7. 0-0 Nc6 8. a3 Bxc3 9. bxc3 Qc7 10. h3 Re8 11. cxd5 exd5 12. dxc5 Na5 13. a4 Qxc5 14. Ba3 Qc7 15. Nd4 a6 16. Bb4 Nc4 17. Qe2 Bd7 18. a5 Rac8 19. Nf3 Ne5 20. Nxe5 Qxe5 21. Rac1 Bf5 22. Rfd1 h6 23. Bc2 Bxc2 24. Qxc2 Rc4 25. Rd4 Rec8 26. Qd3 Qc7 27. Rd1 Rc6 28. Qc2 Re8 29. Qf5 Rce6 30. Qb1 Rc6 1/2-1/2

[Event "GER-ch 2012-E-F serv"]
[Site "GER email"]
[Date "2014.09.06"]
[Round "?"]
[White "Emrich, Eiko"]
[Black "Bach, Werner"]
[Result "1/2-1/2"]
[WhiteElo "2132"]
[BlackElo "2105"]
[PlyCount "45"]
[EventDate "2014.09.10"]
[EventType "tourn (corr)"]
[EventRounds "6"]
[EventCountry "GER"]
[SourceTitle "Corr 2022"]
[Source "ChessBase"]
[SourceDate "2021.10.24"]
[SourceVersion "1"]
[SourceVersionDate "2021.10.24"]
[SourceQuality "1"]

1. Nf3 d5 2. g3 c6 3. Bg2 Bg4 4. 0-0 Nf6 5. d4 Nbd7 6. c4 e6 7. Qb3 Qb6 8. Nc3 Be7 9. h3 Bh5 10. Re1 0-0 11. c5 Qxb3 12. axb3 Bxf3 13. Bxf3 b6 14. cxb6 axb6 15. Bf4 h6 16. h4 b5 17. Rec1 Rxa1 18. Rxa1 b4 19. Na4 c5 20. Nxc5 Nxc5 21. dxc5 Bxc5 22. Rc1 Be7 23. Rc7 1/2-1/2

[Event "GER-ch 2012-E-F serv"]
[Site "GER email"]
[Date "2014.09.06"]
[Round "?"]
[White "Wichert, Gerd"]
[Black "Bach, Werner"]
[Result "1/2-1/2"]
[WhiteElo "2083"]
[BlackElo "2105"]
[PlyCount "55"]
[EventDate "2014.09.10"]
[EventType "tourn (corr)"]
[EventRounds "6"]
[EventCountry "GER"]
[SourceTitle "Corr 2020"]
[Source "ChessBase"]
[SourceDate "2019.09.30"]
[SourceVersion "1"]
[SourceVersionDate "2019.09.30"]
[SourceQuality "1"]

1. d4 Nf6 2. c4 g6 3. g3 Bg7 4. Bg2 0-0 5. Nf3 d5 6. cxd5 Nxd5 7. 0-0 Nc6 8. Nc3 Nb6 9. e3 Re8 10. Re1 Bd7 11. h3 Qc8 12. Kh2 e5 13. d5 Na5 14. e4 c6 15. b3 cxd5 16. Nxd5 Nxd5 17. Qxd5 b6 18. Ng5 Rf8 19. Ba3 Bc6 20. Qd3 Rd8 21. Qe3 Bb5 22. Red1 Rxd1 23. Rxd1 Nc6 24. Bb2 Qe8 25. Nf3 f6 26. Ba3 Bf8 27. Bxf8 Qxf8 28. Rc1 1/2-1/2

[Event "GER-ch46 V07 email"]
[Site "GER email"]
[Date "2014.04.03"]
[Round "?"]
[White "Bach, Werner"]
[Black "Watson, Roland"]
[Result "1/2-1/2"]
[WhiteElo "2138"]
[BlackElo "2011"]
[PlyCount "48"]
[EventDate "2014.04.16"]
[EventType "tourn (corr)"]
[EventRounds "8"]
[EventCountry "GER"]
[SourceTitle "Corr 2015"]
[Source "ChessBase"]
[SourceDate "2015.07.17"]
[SourceVersion "1"]
[SourceVersionDate "2015.07.17"]
[SourceQuality "1"]

1. e4 c5 2. Nf3 d6 3. Bb5+ Bd7 4. Bxd7+ Qxd7 5. c4 Nc6 6. Nc3 g6 7. d4 cxd4 8. Nxd4 Bg7 9. Nde2 Nh6 10. f3 f5 11. 0-0 0-0 12. Bf4 fxe4 13. Qd5+ Kh8 14. Qxe4 Qf5 15. Qe3 Qc5 16. Rad1 Nf5 17. Qxc5 dxc5 18. Rd7 b6 19. b3 Nfd4 20. Re1 Rad8 21. Rc7 Nb4 22. Bg3 Nxe2+ 23. Nxe2 Rd2 24. Kf1 Rxa2 1/2-1/2

[Event "GER-ch46 V07 email"]
[Site "GER email"]
[Date "2014.04.03"]
[Round "?"]
[White "Hoffmann, Frank"]
[Black "Bach, Werner"]
[Result "1/2-1/2"]
[WhiteElo "2064"]
[BlackElo "2138"]
[PlyCount "29"]
[EventDate "2014.04.16"]
[EventType "tourn (corr)"]
[EventRounds "8"]
[EventCountry "GER"]
[SourceTitle "Corr 2015"]
[Source "ChessBase"]
[SourceDate "2015.07.17"]
[SourceVersion "1"]
[SourceVersionDate "2015.07.17"]
[SourceQuality "1"]

1. d4 Nf6 2. c4 g6 3. g3 Bg7 4. Bg2 0-0 5. Nc3 c6 6. e4 d6 7. Nge2 a6 8. a4 a5 9. 0-0 Na6 10. h3 e5 11. Be3 exd4 12. Nxd4 Re8 13. Re1 Nd7 14. Qd2 Ndc5 15. Rad1 1/2-1/2

[Event "GER-ch46 V07 email"]
[Site "GER email"]
[Date "2014.04.03"]
[Round "?"]
[White "Koch, Hans Georg"]
[Black "Bach, Werner"]
[Result "1/2-1/2"]
[WhiteElo "2076"]
[BlackElo "2138"]
[PlyCount "59"]
[EventDate "2014.04.16"]
[EventType "tourn (corr)"]
[EventRounds "8"]
[EventCountry "GER"]
[SourceTitle "Corr 2015"]
[Source "ChessBase"]
[SourceDate "2015.07.17"]
[SourceVersion "1"]
[SourceVersionDate "2015.07.17"]
[SourceQuality "1"]

1. Nf3 f5 2. d4 Nf6 3. g3 g6 4. Bg2 Bg7 5. 0-0 0-0 6. c4 d6 7. Nc3 Qe8 8. d5 a5 9. Ne1 Na6 10. Nd3 c6 11. Bd2 Nc7 12. Rc1 e5 13. dxe6 Nxe6 14. Re1 Qf7 15. Na4 Ne4 16. Be3 Re8 17. b3 Qe7 18. Nf4 N6c5 19. Nb6 Rb8 20. Bd4 Bxd4 21. Qxd4 Qc7 22. Nxc8 Rbxc8 23. Bxe4 Rxe4 24. Qd2 Ree8 25. e3 Rcd8 26. Kg2 g5 27. Nd3 Ne4 28. Qc2 Nf6 29. Rcd1 Qe7 30. f3 1/2-1/2

[Event "GER-ch67 email"]
[Site "GER email"]
[Date "2013.05.13"]
[Round "?"]
[White "Bach, Werner"]
[Black "Heinke, Richard"]
[Result "1/2-1/2"]
[WhiteElo "2174"]
[BlackElo "2146"]
[PlyCount "38"]
[EventDate "2013.05.20"]
[EventType "tourn (corr)"]
[EventRounds "14"]
[EventCountry "GER"]
[SourceTitle "Corr 2015"]
[Source "ChessBase"]
[SourceDate "2015.07.17"]
[SourceVersion "1"]
[SourceVersionDate "2015.07.17"]
[SourceQuality "1"]

1. e4 c5 2. Nf3 d6 3. d4 cxd4 4. Nxd4 Nf6 5. Nc3 a6 6. Be2 e5 7. Nb3 Be7 8. 0-0 0-0 9. Kh1 b6 10. f3 Bb7 11. Be3 b5 12. Qe1 Nbd7 13. a3 Qc7 14. Rd1 Rab8 15. Nc1 Nb6 16. N1a2 Nc4 17. Bc1 Rfc8 18. Qf2 h6 19. Bd3 d5 1/2-1/2